000 01726nam a2200481 i 4500
001 41920
003 KOSZ 005
005 20240405063137.0
008 010224s2000 pl g 001 0 pol
015 _aPB 2001/3651
020 _a8301132965
020 _a8370092934
040 _aWA N
_cWA N
_dKOSZ 005/RW
080 _a94(438).07/.084
080 _a323.15
080 _a94(4-191.2-11)
080 _a323.15(=162.1)"18/19"
100 1 _aJagiełło, Michał
_d(1941-2016)
_eAutor
245 1 0 _aPartnerstwo dla przyszłości :
_bszkice o polityce wschodniej i mniejszościach narodowych /
_cMichał Jagiełło.
250 _aWydanie 2 poszerzone.
260 _aWarszawa :
_bWydawnictwo Naukowe PWN :
_bBiblioteka Narodowa. Wydawnictwo,
_c2000.
300 _a488, [3] stron ;
_c25 cm.
336 _aTekst
_btxt
_2rdacontent
337 _aBez urządzenia pośredniczącego
_bn
_2rdamedia
338 _aWolumin
_bnc
_2rdacarrier
380 _aKsiążki.
504 _aNota bibliograficzna na stronach 477-[478]. Indeks.
658 _aPolityka, poltologia, administracja publiczna
658 _aHistoria
648 4 _a1801-1900
648 4 _a1901-2000
651 4 _aPolska
651 4 _aEuropa Środkowo-Wschodnia
655 4 _aEsej
650 4 _aRegiony przygraniczne
650 4 _aMniejszości narodowe
650 4 _aPolityka narodowościowa
650 4 _aStosunki etniczne
710 2 _aBiblioteka Narodowa.
_bWydawnictwo.
_4pbl.
710 2 _aWydawnictwo Naukowe PWN
_4pbl.
856 _uhttp://koha.tu.koszalin.pl/cgi-bin/koha/opac-detail.pl?biblionumber=41920
_yKatalog online BPK
942 _2UKD
_cKS
999 _c41920
_d41920